| 000 | 00722nam a22002297a 4500 | ||
|---|---|---|---|
| 003 | BUBTL | ||
| 008 | 230316b ||||| |||| 00| 0 eng d | ||
| 020 | _a9780791093092 | ||
| 082 | _a882.01/ B6232s/ 2007 | ||
| 100 |
_95215 _aBloom, Harold |
||
| 245 |
_aSophocles' Oedipus Rex / _cHarold Bloom |
||
| 250 | _a1st Edn. | ||
| 260 |
_aNew York: _bChelsea House Publishers, _cc2007 |
||
| 300 |
_aviii, 245 p.: _c22.5 cm. |
||
| 440 |
_95219 _aBloom's Modern Critical Interpretations |
||
| 500 | _aIncludes Index | ||
| 505 | _aHarold Bloom, Sophocles' Oedipus Rex, English Literature, English | ||
| 650 | 0 |
_91994 _aEnglish Literature |
|
| 856 |
_k0 _l0 _yDownload |
||
| 942 |
_2ddc _cBK |
||
| 999 |
_c6978 _d6978 |
||